[Event "Titled Tuesday intern op 02nd Apr Early"]
[Site "Chess.com INT"]
[Date "2024.04.02"]
[Round "3"]
[White "Abdi, Farzad"]
[Black "Koc, Przemyslaw"]
[Result "0-1"]
[WhiteElo "2068"]
[BlackElo "2346"]
[PlyCount "92"]
[EventDate "2024.04.02"]
[EventType "swiss (blitz)"]
[EventRounds "11"]
[EventCountry "USA"]
[SourceTitle "CB15_2024"]
[SourceDate "2024.04.10"]
[SourceVersion "1"]
[SourceVersionDate "2024.04.10"]
[SourceQuality "1"]

1. e4 c5 2. Nf3 Nf6 3. d4 Nxe4 4. Bd3 d5 5. 0-0 Nc6 6. c4 cxd4 7. cxd5 Qxd5 8. Bxe4 Qxe4 9. Re1 Qd5 10. Nc3 Qd8 11. Nb5 Bg4 12. Nbxd4 Nxd4 13. Qxd4 Bxf3 14. Qxd8+ Rxd8 15. gxf3 e6 16. Be3 b6 17. Rac1 Bd6 18. Bg5 f6 19. Bh4 Ke7 20. Bg3 Bxg3 21. hxg3 Rc8 22. Kf1 h5 23. f4 Rhd8 24. f5 Rxc1 25. Rxc1 exf5 26. Ke2 g5 27. Kf3 Rd7 28. Ke3 Kf7 29. Kf3 Kg6 30. Ke3 Re7+ 31. Kf3 g4+ 32. Kg2 f4 33. gxf4 Re2 34. Rc7 a6 35. b4 Rxa2 36. Rc6 b5 37. Kg3 Ra1 38. Kg2 Kf5 39. Rc5+ Kxf4 40. Rxh5 Ra4 41. Rh6 Kg5 42. Rh8 Rxb4 43. Rg8+ Kf5 44. Ra8 Ra4 45. Kg3 Ra3+ 46. Kh4 Rh3# 0-1

[Event "Titled Tuesday intern op 02nd Apr Early"]
[Site "Chess.com INT"]
[Date "2024.04.02"]
[Round "1"]
[White "Koc, Przemyslaw"]
[Black "Vakhlamov, Igor L"]
[Result "1/2-1/2"]
[WhiteElo "2346"]
[BlackElo "2413"]
[PlyCount "87"]
[EventDate "2024.04.02"]
[EventType "swiss (blitz)"]
[EventRounds "11"]
[EventCountry "USA"]
[SourceTitle "CB15_2024"]
[SourceDate "2024.04.10"]
[SourceVersion "1"]
[SourceVersionDate "2024.04.10"]
[SourceQuality "1"]

1. d4 d5 2. Nf3 Nf6 3. Bg5 Ne4 4. Bf4 Bf5 5. e3 e6 6. Bd3 Bd6 7. 0-0 0-0 8. c4 dxc4 9. Bxc4 Bxf4 10. exf4 Qd6 11. Ne5 Nc6 12. Nxc6 Qxc6 13. Qe2 Rad8 14. Rd1 Qb6 15. Nc3 Rxd4 16. Rxd4 Qxd4 17. Nxe4 Qxe4 18. Qxe4 Bxe4 19. Rd1 Bc6 20. b4 a6 21. f3 g6 22. Kf2 Kg7 23. g4 Kf6 24. h4 Ke7 25. Ke3 h6 26. a3 Bb5 27. Bb3 Rd8 28. Rxd8 Kxd8 29. f5 Ke7 30. fxg6 fxg6 31. g5 hxg5 32. hxg5 e5 33. f4 exf4+ 34. Kxf4 Bd7 35. Ke5 Bf5 36. Bd5 c6 37. Bf3 Bc2 38. Bg4 Bb1 39. Bc8 b5 40. Bg4 Bd3 41. Bh3 Bb1 42. Bg4 Bc2 43. Bh3 Bb1 44. Bg4 1/2-1/2

[Event "Titled Tuesday intern op 02nd Apr Early"]
[Site "Chess.com INT"]
[Date "2024.04.02"]
[Round "5"]
[White "Radhakrishnan, Sharath"]
[Black "Koc, Przemyslaw"]
[Result "1-0"]
[WhiteElo "1963"]
[BlackElo "2346"]
[PlyCount "71"]
[EventDate "2024.04.02"]
[EventType "swiss (blitz)"]
[EventRounds "11"]
[EventCountry "USA"]
[SourceTitle "CB15_2024"]
[SourceDate "2024.04.10"]
[SourceVersion "1"]
[SourceVersionDate "2024.04.10"]
[SourceQuality "1"]

1. e4 c5 2. Nf3 Nf6 3. e5 Nd5 4. Nc3 e6 5. d4 Nxc3 6. bxc3 d5 7. Bd3 c4 8. Be2 Be7 9. 0-0 h6 10. Ne1 Nc6 11. f4 f5 12. exf6 Bxf6 13. Bh5+ Kf8 14. Nf3 Bd7 15. Ne5 Be8 16. Qg4 Kg8 17. Qxe6+ Kh7 18. Qf5+ Kg8 19. Bxe8 Qxe8 20. Ng6 Ne7 21. Qe6+ Kh7 22. Nxh8 Kxh8 23. Ba3 Qd8 24. Bxe7 Bxe7 25. Rae1 Bf6 26. Re3 b5 27. Rfe1 b4 28. Qe8+ Kh7 29. Qxd8 Rxd8 30. Rd1 bxc3 31. Rxc3 Rb8 32. Ra3 Rb2 33. c3 Rc2 34. Rxa7 Rxc3 35. Ra5 Ra3 36. Rxa3 1-0

[Event "Titled Tuesday intern op 06th Feb Late"]
[Site "Chess.com INT"]
[Date "2024.02.06"]
[Round "2"]
[White "Koc, Przemyslaw"]
[Black "Alonso Rosell, Alvar"]
[Result "0-1"]
[WhiteElo "2346"]
[BlackElo "2564"]
[PlyCount "70"]
[EventDate "2024.02.06"]
[EventType "swiss (blitz)"]
[EventRounds "11"]
[EventCountry "USA"]
[SourceTitle "CB07_2024"]
[SourceDate "2024.02.14"]
[SourceVersion "1"]
[SourceVersionDate "2024.02.14"]
[SourceQuality "1"]

1. d4 Nf6 2. Bg5 c5 3. d5 d6 4. Nc3 g6 5. e4 Bg7 6. f4 0-0 7. Nf3 Qa5 8. Qd2 b5 9. Bxf6 Bxf6 10. Nxb5 Qb6 11. c4 Bg4 12. Be2 a6 13. Nc3 Bxf3 14. Bxf3 Bd4 15. Rb1 Nd7 16. Ne2 Rac8 17. b3 e5 18. Nxd4 cxd4 19. 0-0 a5 20. fxe5 Nxe5 21. Rbd1 d3+ 22. Kh1 Ra8 23. Qc3 Qc5 24. Rxd3 Nxd3 25. Qxd3 a4 26. h4 axb3 27. axb3 Ra3 28. h5 Rfa8 29. Bd1 Qc7 30. Qf3 Qe7 31. Qf4 Ra1 32. Kh2 Rb1 33. c5 dxc5 34. d6 Qe6 35. Bg4 Rxf1 0-1

[Event "Titled Tuesday intern op 16th Jan Late"]
[Site "Chess.com INT"]
[Date "2024.01.16"]
[Round "4"]
[White "La Villa Rivas, Marlon Javier"]
[Black "Koc, Przemyslaw"]
[Result "1/2-1/2"]
[WhiteElo "2237"]
[BlackElo "2346"]
[PlyCount "83"]
[EventDate "2024.01.16"]
[EventType "swiss (blitz)"]
[EventRounds "11"]
[EventCountry "USA"]
[SourceTitle "CB04_2024"]
[SourceDate "2023.10.16"]
[SourceVersion "1"]
[SourceVersionDate "2023.10.16"]
[SourceQuality "1"]

1. e4 c5 2. Nf3 Nf6 3. Nc3 d5 4. exd5 Nxd5 5. Bb5+ Nc6 6. 0-0 Nxc3 7. bxc3 Bd7 8. d4 e6 9. Re1 Be7 10. Bf4 0-0 11. Bd3 cxd4 12. cxd4 Nb4 13. Be4 Nd5 14. Bg3 Nc3 15. Qd3 Nxe4 16. Qxe4 Bc6 17. Qe3 Qd5 18. Qb3 Rfd8 19. c4 Qh5 20. d5 exd5 21. Rxe7 dxc4 22. Qxc4 Bxf3 23. gxf3 Qxf3 24. Rae1 h5 25. h4 Rac8 26. Qb5 b6 27. Rxa7 Rd1 28. Rae7 Rcc1 29. Qe8+ Kh7 30. R7e3 Qd5 31. Re5 Qd2 32. Rxh5+ Kg6 33. Qe4+ Kxh5 34. Qf5+ g5 35. Qxf7+ Kg4 36. Qe6+ Kh5 37. Qe8+ Kg4 38. Qe4+ Kh5 39. Qh7+ Kg4 40. Qe4+ Kh5 41. Qh7+ Kg4 42. Qe4+ 1/2-1/2

[Event "Titled Tuesday intern op 16th Jan Late"]
[Site "Chess.com INT"]
[Date "2024.01.16"]
[Round "5"]
[White "Ward, Ieuan C"]
[Black "Koc, Przemyslaw"]
[Result "0-1"]
[WhiteElo "2028"]
[BlackElo "2346"]
[PlyCount "90"]
[EventDate "2024.01.16"]
[EventType "swiss (blitz)"]
[EventRounds "11"]
[EventCountry "USA"]
[SourceTitle "CB04_2024"]
[SourceDate "2023.10.16"]
[SourceVersion "1"]
[SourceVersionDate "2023.10.16"]
[SourceQuality "1"]

1. e4 c5 2. Nf3 Nf6 3. Nc3 d5 4. exd5 Nxd5 5. Bc4 Nxc3 6. bxc3 e6 7. 0-0 Be7 8. d4 0-0 9. Be3 Nd7 10. Rb1 b6 11. Qe2 Bb7 12. Rfd1 Qc7 13. Bd3 c4 14. Bxc4 Bxf3 15. gxf3 Rac8 16. Ba6 Rb8 17. c4 Bd6 18. h3 Nf6 19. d5 Rfe8 20. Bb5 Re7 21. Qd2 Nh5 22. Rb3 e5 23. Bc6 h6 24. a4 f5 25. c5 bxc5 26. Qc3 f4 27. Bxc5 Rxb3 28. cxb3 e4 29. Bxd6 Qxd6 30. fxe4 f3 31. Qxf3 Nf4 32. Re1 Qe5 33. Re3 Rf7 34. Qg4 Rf6 35. Kh1 Rg6 36. Qc8+ Kh7 37. Rg3 Qxe4+ 38. Kh2 Rxg3 39. Kxg3 Ne2+ 40. Kh2 Qf4+ 41. Kg2 Nd4 42. Qg4 Qe5 43. Bd7 g6 44. Be6 h5 45. Qg3 Qf6 0-1

[Event "Titled Tuesday intern op 19th Sep Late"]
[Site "Chess.com INT"]
[Date "2023.09.19"]
[Round "1"]
[White "Aravindh, Chithambaram VR"]
[Black "Koc, Przemyslaw"]
[Result "1-0"]
[WhiteElo "2649"]
[BlackElo "2346"]
[PlyCount "37"]
[EventDate "2023.09.19"]
[EventType "swiss (blitz)"]
[EventRounds "11"]
[EventCountry "USA"]
[SourceTitle "EXT 2024"]
[Source "ChessBase"]
[SourceDate "2023.10.10"]
[SourceVersion "1"]
[SourceVersionDate "2023.10.10"]
[SourceQuality "1"]

1. g3 f5 2. Nf3 Nf6 3. Bg2 g6 4. 0-0 Bg7 5. d4 0-0 6. Nc3 d5 7. a4 c6 8. Bf4 Bd7 9. a5 Be8 10. Ne5 h6 11. h4 Nfd7 12. Nxd5 cxd5 13. Bxd5+ Kh7 14. Bxb7 Nxe5 15. dxe5 Bc6 16. Qxd8 Rxd8 17. a6 Bd5 18. Rfd1 e6 19. c4 1-0

[Event "Titled Tuesday intern op 19th Sep Late"]
[Site "Chess.com INT"]
[Date "2023.09.19"]
[Round "2"]
[White "Koc, Przemyslaw"]
[Black "Ai, Evan Zihao"]
[Result "1-0"]
[WhiteElo "2346"]
[BlackElo "2199"]
[PlyCount "75"]
[EventDate "2023.09.19"]
[EventType "swiss (blitz)"]
[EventRounds "11"]
[EventCountry "USA"]
[SourceTitle "EXT 2024"]
[Source "ChessBase"]
[SourceDate "2023.10.10"]
[SourceVersion "1"]
[SourceVersionDate "2023.10.10"]
[SourceQuality "1"]

1. Nf3 Nf6 2. g3 e6 3. Bg2 d5 4. 0-0 c5 5. d4 cxd4 6. Nxd4 Be7 7. c4 dxc4 8. Qa4+ Qd7 9. Qxc4 0-0 10. Nc3 a6 11. a4 Ra7 12. Rd1 Qe8 13. Bf4 Nbd7 14. a5 e5 15. Ne6 fxe6 16. Qxe6+ Qf7 17. Qxf7+ Kxf7 18. Be3 Ra8 19. Nd5 Nxd5 20. Bxd5+ Ke8 21. Rac1 Nf6 22. Bg2 Kf7 23. Rc7 Ne8 24. Bd5+ Kf6 25. Rxe7 Kxe7 26. Bc5+ Nd6 27. Bxd6+ Kxd6 28. Bxb7+ Kc5 29. Bxa8 Bg4 30. Rd5+ Kb4 31. Rxe5 Bxe2 32. Rxe2 Rxa8 33. Re7 Kxa5 34. Rxg7 Rb8 35. Rxh7 Rxb2 36. h4 Ka4 37. h5 Rb1+ 38. Kg2 1-0

[Event "Titled Tuesday intern op 15th Aug Late"]
[Site "Chess.com INT"]
[Date "2023.08.15"]
[Round "2"]
[White "Kiselev, Pavel"]
[Black "Koc, Przemyslaw"]
[Result "0-1"]
[WhiteElo "2139"]
[BlackElo "2346"]
[PlyCount "72"]
[EventDate "2023.08.15"]
[EventType "swiss (blitz)"]
[EventRounds "11"]
[EventCountry "USA"]
[SourceTitle "EXT 2024"]
[Source "ChessBase"]
[SourceDate "2023.10.10"]
[SourceVersion "1"]
[SourceVersionDate "2023.10.10"]
[SourceQuality "1"]

1. e4 d6 2. d4 Nf6 3. Nc3 e5 4. dxe5 dxe5 5. Qxd8+ Kxd8 6. Nf3 Bd6 7. Bc4 Ke7 8. 0-0 h6 9. Be3 a6 10. Nd5+ Nxd5 11. Bxd5 c6 12. Bb3 Be6 13. Bxe6 Kxe6 14. Nd2 Nd7 15. Nc4 Bc7 16. Rad1 b5 17. Nd2 Bb6 18. Bxb6 Nxb6 19. Nb3 Na4 20. Rd2 Rhd8 21. Rfd1 Rxd2 22. Rxd2 Ke7 23. c3 Rd8 24. Rxd8 Kxd8 25. Na5 Kc7 26. Kf1 c5 27. Ke2 Nxb2 28. Kd2 c4 29. Kc2 Na4 30. Kb1 Kb6 31. Nxc4+ bxc4 32. Kc2 Kb5 33. f3 Nc5 34. Kb2 Nd3+ 35. Kb1 Ne1 36. g3 Nxf3 0-1

[Event "Titled Tuesday intern op 15th Aug Late"]
[Site "Chess.com INT"]
[Date "2023.08.15"]
[Round "3"]
[White "Koc, Przemyslaw"]
[Black "Tarnowska, Aleksandra"]
[Result "1-0"]
[WhiteElo "2346"]
[BlackElo "1860"]
[PlyCount "89"]
[EventDate "2023.08.15"]
[EventType "swiss (blitz)"]
[EventRounds "11"]
[EventCountry "USA"]
[SourceTitle "EXT 2024"]
[Source "ChessBase"]
[SourceDate "2023.10.10"]
[SourceVersion "1"]
[SourceVersionDate "2023.10.10"]
[SourceQuality "1"]

1. Nf3 d5 2. g3 Nf6 3. Bg2 e6 4. 0-0 Be7 5. d4 0-0 6. c4 c6 7. b3 b6 8. Bb2 Ba6 9. Qc2 Nbd7 10. Nbd2 Rc8 11. e4 dxe4 12. Nxe4 c5 13. Rad1 Qc7 14. Rfe1 Rfd8 15. d5 Nxe4 16. Qxe4 Nf8 17. Qg4 Ng6 18. dxe6 fxe6 19. Qxe6+ Kh8 20. h4 Rxd1 21. Rxd1 Rd8 22. Rxd8+ Qxd8 23. h5 Nf8 24. Qf7 Bf6 25. Bxf6 Qxf6 26. Qxa7 Bc8 27. Qc7 Bg4 28. Qe5 Qxe5 29. Nxe5 Bxh5 30. Bc6 Bg6 31. Nxg6+ Nxg6 32. f4 Ne7 33. Be4 g6 34. Kf2 Kg7 35. Ke3 Kf6 36. a3 Nc8 37. b4 Nd6 38. Bd3 h5 39. bxc5 bxc5 40. a4 Nb7 41. Ke4 Ke6 42. Ke3 Kf6 43. Be4 Na5 44. Bd5 Nb3 45. Ke4 1-0

[Event "Titled Tuesday intern op 08th Aug Late"]
[Site "Chess.com INT"]
[Date "2023.08.08"]
[Round "3"]
[White "Koc, Przemyslaw"]
[Black "Naroditsky, Daniel"]
[Result "0-1"]
[WhiteElo "2346"]
[BlackElo "2619"]
[PlyCount "94"]
[EventDate "2023.08.08"]
[EventType "swiss (blitz)"]
[EventRounds "11"]
[EventCountry "USA"]
[SourceTitle "EXT 2024"]
[Source "ChessBase"]
[SourceDate "2023.10.10"]
[SourceVersion "1"]
[SourceVersionDate "2023.10.10"]
[SourceQuality "1"]

1. Nf3 Nf6 2. g3 g6 3. Bg2 Bg7 4. 0-0 0-0 5. d4 d6 6. b3 c5 7. Bb2 cxd4 8. Nxd4 d5 9. c4 e5 10. Nf3 e4 11. Nd4 e3 12. f4 dxc4 13. bxc4 Ng4 14. Na3 Nf2 15. Rxf2 exf2+ 16. Kxf2 Nc6 17. Nxc6 bxc6 18. Bxg7 Kxg7 19. c5 Be6 20. Nc2 Qf6 21. Qd4 Rfd8 22. Qxf6+ Kxf6 23. Nb4 Rd2 24. Nxc6 Rc8 25. Ke3 Rb2 26. a4 a6 27. Rc1 Ra2 28. Na7 Rc7 29. Nc6 Rxa4 30. Ne5 Rb4 31. Nd3 Rb5 32. Ra1 a5 33. h3 Bb3 34. g4 a4 35. g5+ Ke7 36. Be4 Ra5 37. Ra3 Be6 38. h4 Bd7 39. Kd4 Bb5 40. e3 Bxd3 41. Bxd3 Rcxc5 42. Rxa4 Rd5+ 43. Ke4 Re5+ 44. fxe5 Rxa4+ 45. Kf3 Rxh4 46. Kg3 Rb4 47. Kf3 Ke6 0-1

[Event "Titled Tuesday intern op 08th Aug Late"]
[Site "Chess.com INT"]
[Date "2023.08.08"]
[Round "7"]
[White "Smieszek, Wojciech"]
[Black "Koc, Przemyslaw"]
[Result "1-0"]
[WhiteElo "2118"]
[BlackElo "2346"]
[PlyCount "89"]
[EventDate "2023.08.08"]
[EventType "swiss (blitz)"]
[EventRounds "11"]
[EventCountry "USA"]
[SourceTitle "EXT 2024"]
[Source "ChessBase"]
[SourceDate "2023.10.10"]
[SourceVersion "1"]
[SourceVersionDate "2023.10.10"]
[SourceQuality "1"]

1. e4 d6 2. d4 Nf6 3. Nc3 e5 4. Nf3 Nbd7 5. g4 Nxg4 6. Rg1 Ngf6 7. Bc4 h6 8. Be3 c6 9. Qd3 b5 10. Bb3 Qa5 11. dxe5 dxe5 12. 0-0-0 b4 13. Bxf7+ Kxf7 14. Qc4+ Ke7 15. Nh4 bxc3 16. Ng6+ Kd8 17. Nxh8 cxb2+ 18. Kb1 Kc7 19. Ng6 Bc5 20. Nxe5 Nxe5 21. Rxg7+ Nfd7 22. Qxc5 Qxc5 23. Bxc5 Nc4 24. Rd4 Ncb6 25. e5 Kb8 26. Bd6+ Kb7 27. e6 c5 28. e7 cxd4 29. e8Q Kc6 30. Bb4 a5 31. Qe6+ Kb5 32. Be7 a4 33. Rf7 a3 34. Rf5+ Ka6 35. Bxa3 Nc5 36. Qc6 Bxf5 37. Bxc5 Rb8 38. Kxb2 Ka5 39. Kc1 Na4 40. Qc7+ Kb5 41. Qxb8+ Kxc5 42. Qa7+ Kb4 43. Qxd4+ Ka3 44. Qe3+ Kb4 45. Qf4+ 1-0

[Event "Titled Tuesday intern op 08th Aug Late"]
[Site "Chess.com INT"]
[Date "2023.08.08"]
[Round "5"]
[White "Weisz, Bryan"]
[Black "Koc, Przemyslaw"]
[Result "0-1"]
[WhiteElo "1981"]
[BlackElo "2346"]
[PlyCount "44"]
[EventDate "2023.08.08"]
[EventType "swiss (blitz)"]
[EventRounds "11"]
[EventCountry "USA"]
[SourceTitle "EXT 2024"]
[Source "ChessBase"]
[SourceDate "2023.10.10"]
[SourceVersion "1"]
[SourceVersionDate "2023.10.10"]
[SourceQuality "1"]

1. e4 c5 2. Nf3 Nf6 3. Nc3 Nc6 4. d4 d5 5. exd5 Nxd5 6. Bc4 Nxc3 7. bxc3 e6 8. 0-0 Be7 9. Ba3 0-0 10. Bxc5 Bxc5 11. dxc5 Qa5 12. Nd4 Qxc5 13. Nxc6 Qxc6 14. Bd3 b6 15. Qg4 Bb7 16. Rae1 Qxc3 17. Re3 Qc5 18. Bxh7+ Kxh7 19. Rh3+ Kg8 20. Qh4 f6 21. Qh7+ Kf7 22. Rh6 Qg5 0-1

[Event "Titled Tuesday intern op 25th Jul Late"]
[Site "Chess.com INT"]
[Date "2023.07.25"]
[Round "5"]
[White "Alahakoon, Isuru"]
[Black "Koc, Przemyslaw"]
[Result "0-1"]
[WhiteElo "1806"]
[BlackElo "2346"]
[PlyCount "60"]
[EventDate "2023.07.25"]
[EventType "swiss (blitz)"]
[EventRounds "11"]
[EventCountry "USA"]
[SourceTitle "EXT 2024"]
[Source "ChessBase"]
[SourceDate "2023.10.10"]
[SourceVersion "1"]
[SourceVersionDate "2023.10.10"]
[SourceQuality "1"]

1. Nf3 d6 2. d4 f5 3. Nc3 Nf6 4. Bg5 Nbd7 5. Qd3 g6 6. h4 h6 7. Bf4 Bg7 8. e4 Nh5 9. Bh2 0-0 10. exf5 gxf5 11. 0-0-0 c6 12. Be2 Nb6 13. Kb1 Nd5 14. Nxd5 cxd5 15. Rhe1 Bd7 16. Qb3 e6 17. c4 dxc4 18. Bxc4 d5 19. Be2 Qb6 20. Qxb6 axb6 21. Ne5 Be8 22. f3 f4 23. g4 fxg3 24. Bxg3 Nxg3 25. Bd3 Bxe5 26. dxe5 Rxf3 27. Rg1 Kh8 28. Bc2 Bb5 29. Rd4 Ne2 30. Rg6 Nxd4 0-1

[Event "Titled Tuesday intern op 25th Jul Late"]
[Site "Chess.com INT"]
[Date "2023.07.25"]
[Round "1"]
[White "Koc, Przemyslaw"]
[Black "Bortnyk, Olexandr"]
[Result "1/2-1/2"]
[WhiteElo "2346"]
[BlackElo "2607"]
[PlyCount "185"]
[EventDate "2023.07.25"]
[EventType "swiss (blitz)"]
[EventRounds "11"]
[EventCountry "USA"]
[SourceTitle "EXT 2024"]
[Source "ChessBase"]
[SourceDate "2023.10.10"]
[SourceVersion "1"]
[SourceVersionDate "2023.10.10"]
[SourceQuality "1"]

1. Nf3 Nf6 2. g3 b6 3. Bg2 Bb7 4. 0-0 g6 5. b3 Bg7 6. Bb2 0-0 7. c4 e6 8. d4 d5 9. Nbd2 c5 10. Rc1 Na6 11. e3 Qe7 12. Ne5 Rfd8 13. Qe2 Rac8 14. Rfd1 cxd4 15. exd4 dxc4 16. bxc4 Bxg2 17. Kxg2 Nb4 18. a3 Nc6 19. Nxc6 Rxc6 20. d5 Rcd6 21. Bxf6 Bxf6 22. Ne4 exd5 23. cxd5 Rxd5 24. Rxd5 Rxd5 25. Nxf6+ Qxf6 26. Qe8+ Kg7 27. Rc8 Qd6 28. Qg8+ Kh6 29. Qxf7 Rf5 30. Qc4 Qd5+ 31. Qxd5 Rxd5 32. h4 Ra5 33. Rc3 Ra4 34. Kh3 Kg7 35. g4 h5 36. f3 Kf6 37. Kg3 Ke5 38. Re3+ Kf6 39. f4 hxg4 40. Kxg4 Rc4 41. Rd3 Rc6 42. Rd7 a5 43. Rb7 Rd6 44. a4 Rc6 45. Rb8 Kg7 46. Kg5 Rc5+ 47. Kg4 Rc6 48. Kg5 Rc5+ 49. Kg4 Rc1 50. Rxb6 Rg1+ 51. Kf3 Ra1 52. Kg4 Kh6 53. f5 Rxa4+ 54. Kg3 Kh5 55. Rxg6 Rxh4 56. Ra6 Ra4 57. Rg6 Ra3+ 58. Kf4 Ra1 59. Ra6 Rf1+ 60. Ke5 Kg5 61. Rg6+ Kh5 62. Rg2 a4 63. f6 a3 64. Ke6 Re1+ 65. Kd7 Rd1+ 66. Ke8 Re1+ 67. Kf8 Rb1 68. f7 Rb2 69. Rg1 a2 70. Kg8 Rb1 71. Rxb1 axb1Q 72. f8Q Qg6+ 73. Qg7 Qe8+ 74. Qf8 Qg6+ 75. Qg7 Qe8+ 76. Qf8 Qc6 77. Qf7+ Kg5 78. Qg7+ Kf5 79. Qf7+ Kg4 80. Kg7 Qc3+ 81. Qf6 Qc7+ 82. Qf7 Qe5+ 83. Qf6 Qc7+ 84. Qf7 Qd8 85. Qg6+ Kh3 86. Qh6+ Kg2 87. Qg6+ Kh1 88. Qh6+ Kg1 89. Qg6+ Kh1 90. Qh6+ Kg2 91. Qg6+ Kf3 92. Qf6+ Qxf6+ 93. Kxf6 1/2-1/2

[Event "Titled Tuesday intern op 25th Jul Late"]
[Site "Chess.com INT"]
[Date "2023.07.25"]
[Round "6"]
[White "Koc, Przemyslaw"]
[Black "Delgado Kuffo, Andres"]
[Result "1-0"]
[WhiteElo "2346"]
[BlackElo "2320"]
[PlyCount "71"]
[EventDate "2023.07.25"]
[EventType "swiss (blitz)"]
[EventRounds "11"]
[EventCountry "USA"]
[SourceTitle "EXT 2024"]
[Source "ChessBase"]
[SourceDate "2023.10.10"]
[SourceVersion "1"]
[SourceVersionDate "2023.10.10"]
[SourceQuality "1"]

1. Nf3 d5 2. g3 Nf6 3. Bg2 c6 4. 0-0 Bf5 5. c4 e6 6. Qb3 Qb6 7. d3 Nbd7 8. cxd5 exd5 9. Be3 Bc5 10. Bxc5 Nxc5 11. Qxb6 axb6 12. Nbd2 b5 13. Nd4 Bd7 14. e4 Nxd3 15. exd5 c5 16. N4b3 c4 17. Nd4 Nxb2 18. Rfe1+ Kd8 19. d6 Ra7 20. Re7 Rf8 21. a3 Na4 22. Rae1 Nc3 23. N2f3 Ne8 24. Ne5 Nf6 25. Nxf7+ Kc8 26. Ne5 g6 27. Nxd7 Nxd7 28. Bh3 b6 29. Nc6 Rb7 30. Ne5 Nd5 31. Nxd7 Rxd7 32. Bxd7+ Kd8 33. Bxb5 c3 34. Rd7+ Kc8 35. Rc1 Kb8 36. Re7 1-0

[Event "Titled Tuesday intern op 18th Jul Late"]
[Site "Chess.com INT"]
[Date "2023.07.18"]
[Round "1"]
[White "Cina`, Vittorio"]
[Black "Koc, Przemyslaw"]
[Result "1-0"]
[WhiteElo "2133"]
[BlackElo "2346"]
[PlyCount "87"]
[EventDate "2023.07.18"]
[EventType "swiss (blitz)"]
[EventRounds "11"]
[EventCountry "USA"]
[SourceTitle "EXT 2024"]
[Source "ChessBase"]
[SourceDate "2023.10.10"]
[SourceVersion "1"]
[SourceVersionDate "2023.10.10"]
[SourceQuality "1"]

1. e4 d6 2. d4 Nf6 3. Nc3 e5 4. Nge2 Nc6 5. h3 Be7 6. g3 d5 7. exd5 Nxd5 8. dxe5 Nxc3 9. Qxd8+ Bxd8 10. Nxc3 Nxe5 11. Bg2 c6 12. 0-0 0-0 13. Re1 Nc4 14. Ne4 Bc7 15. b3 Nd6 16. Ba3 Rd8 17. Nxd6 Bxd6 18. Bxd6 Bf5 19. Bf4 Bxc2 20. Re7 b6 21. Rae1 h6 22. Bxc6 Rac8 23. Bb5 Bf5 24. Re8+ Rxe8 25. Rxe8+ Rxe8 26. Bxe8 Bxh3 27. Bd6 Be6 28. f4 g5 29. Kf2 Kg7 30. Ke3 Kf6 31. Bc6 h5 32. Be5+ Kg6 33. Be4+ f5 34. Bd3 h4 35. fxg5 h3 36. g4 Kxg5 37. gxf5 Bxf5 38. Bxf5 Kxf5 39. Bb8 a6 40. Kd4 Ke6 41. Bh2 Ke7 42. Kd5 Kd7 43. Bg3 a5 44. a4 1-0

[Event "Titled Tuesday intern op 11th Jul Late"]
[Site "Chess.com INT"]
[Date "2023.07.11"]
[Round "6"]
[White "Matinian, Nikita"]
[Black "Koc, Przemyslaw"]
[Result "1-0"]
[WhiteElo "2421"]
[BlackElo "2346"]
[PlyCount "93"]
[EventDate "2023.07.11"]
[EventType "swiss (blitz)"]
[EventRounds "11"]
[EventCountry "USA"]
[SourceTitle "EXT 2024"]
[Source "ChessBase"]
[SourceDate "2023.10.10"]
[SourceVersion "1"]
[SourceVersionDate "2023.10.10"]
[SourceQuality "1"]

1. e4 e5 2. Nf3 Nf6 3. d4 Nxe4 4. Bd3 d5 5. Nxe5 Nd7 6. Nc3 Nxe5 7. dxe5 Bf5 8. 0-0 Be7 9. Re1 0-0 10. Bf4 Nxc3 11. bxc3 Qd7 12. h3 c6 13. g4 Bg6 14. Bg3 Bc5 15. Kg2 d4 16. c4 Rae8 17. f4 f5 18. exf6 gxf6 19. f5 Bf7 20. Qf3 b5 21. Be4 bxc4 22. Bxc6 Qd8 23. Kh2 Re3 24. Rxe3 dxe3 25. Rd1 Qb6 26. Bd5 Re8 27. Bxf7+ Kxf7 28. Rd7+ Re7 29. Qd5+ Ke8 30. Rxe7+ Kxe7 31. Qxc4 Kd7 32. Qd5+ Kc8 33. Kg2 a5 34. Kf3 Qb5 35. Qa8+ Kd7 36. Qd5+ Kc8 37. c4 Qb4 38. Qc6+ Kd8 39. Bc7+ Ke7 40. Qe6+ Kf8 41. Qxf6+ Ke8 42. Qe6+ Kf8 43. Qf6+ Ke8 44. Qc6+ Kf8 45. Bf4 Qc3 46. Bh6+ Kf7 47. Qe6# 1-0

[Event "Titled Tuesday intern op 11th Jul Late"]
[Site "Chess.com INT"]
[Date "2023.07.11"]
[Round "4"]
[White "Schnaider, Ilan"]
[Black "Koc, Przemyslaw"]
[Result "0-1"]
[WhiteElo "2233"]
[BlackElo "2346"]
[PlyCount "104"]
[EventDate "2023.07.11"]
[EventType "swiss (blitz)"]
[EventRounds "11"]
[EventCountry "USA"]
[SourceTitle "EXT 2024"]
[Source "ChessBase"]
[SourceDate "2023.10.10"]
[SourceVersion "1"]
[SourceVersionDate "2023.10.10"]
[SourceQuality "1"]

1. e4 e5 2. Nf3 Nf6 3. d4 Nxe4 4. Bd3 d5 5. Nxe5 Nd7 6. Nc3 Nxe5 7. dxe5 Nc5 8. 0-0 Be7 9. f4 0-0 10. f5 f6 11. e6 Nxd3 12. Qxd3 c6 13. Bf4 a5 14. Qg3 Kh8 15. Rf3 d4 16. Rd1 Qb6 17. Na4 Qb5 18. b3 Qxf5 19. Rxd4 Qxe6 20. Re3 Qf7 21. Nb6 Bc5 22. Nxa8 Bxd4 23. c3 Bxe3+ 24. Bxe3 a4 25. c4 Bf5 26. Nb6 a3 27. Bc5 Rd8 28. h4 Qe6 29. Bxa3 Bb1 30. h5 h6 31. Na4 Bxa2 32. Nc5 Rd1+ 33. Kh2 Qe5 34. Qxe5 fxe5 35. Nxb7 Bxb3 36. Na5 Ba4 37. c5 e4 38. Nc4 Rd4 39. Nd6 e3 40. Nf5 e2 41. Nxd4 e1Q 42. Nf3 Qe3 43. Bb4 Bd1 44. Nh4 Bxh5 45. g3 Kh7 46. Ng2 Qf2 47. Be1 Qc2 48. Kh3 Bg4+ 49. Kxg4 Qxg2 50. Bc3 Qe4+ 51. Kh3 Qc4 52. Bb4 Qxb4 0-1